| 000 | 00990nam2a22002531 4500 | ||
|---|---|---|---|
| 001 | RU\NLR\INFOCOMM\1000038154 | ||
| 005 | 20250617161253.0 | ||
| 035 | _a(NLR Aleph) 002767532 | ||
| 090 |
_a2288487 _c2288487 |
||
| 100 | _a20040219d1901 |||y0rusy50 ca | ||
| 101 | 0 | _arus | |
| 102 | _aRU | ||
| 105 | _ay ||||||||| | ||
| 200 | 1 |
_aФлора Маньчжурии _hТ.1 _fВ.Л. Комаров |
|
| 210 |
_d1901 _aБ. м. |
||
| 461 | 0 |
_1001RU\NLR\INFOCOMM\1000038112 _12001#$aТруды Ботанического сада Академии наук СССР$vТ.20 _92288429 _aГлавный ботанический сад СССР (Ленинград) _cМ. _d1871-1931 _nСельколхозгиз _tТруды Ботанического сада Академии наук СССР _vТ.20 |
|
| 700 | 1 |
_aКомаров _bВ.Л. _4070 |
|
| 801 | 1 |
_aRU _bInfoComm _c20040219 |
|
| 801 | 0 |
_aRU _bNLR _gPSBO |
|
| 852 |
_aNLR _jП8/176 |
||
| 942 | _cISSUE | ||
| 980 | _aNB | ||
| 980 | _aRUSPER | ||